Find the Orange Things (Blitz) Quiz Stats

 Plays Quiz Updated May 11, 2018

Challenge
Share
Tweet
Score 0/21 Timer 01:00
6 Plays Today
% Correct
Basketball
94.2%
Life Jacket
94.2%
Crab
94.2%
Traffic Cone
94.1%
Monarch
Butterfly
94.1%
Scissors
94%
Carrot
93.9%
Tigger
93.9%
Ice Lolly|
Popsicle
93.8%
Red Squirrel
93.8%
Jack O'Lantern
93.5%
% Correct
Garfield
93.5%
Fanta
93.4%
Nemo
93.3%
Penguin
Books
93%
Orangutan
92.9%
Marigolds
91.8%
Goldfish
91.7%
Cheeto
Puff
90.6%
Clementine
90.5%
Sporcle Logo
89.9%

You're not logged in!

Compare scores with friends on all Sporcle quizzes.
Join for Free
OR
Log In

You Might Also Like...

Show Comments

Extras

Top Quizzes Today


Score Distribution

Your Account Isn't Verified!

In order to create a playlist on Sporcle, you need to verify the email address you used during registration. Go to your Sporcle Settings to finish the process.

Report this User

Report this user for behavior that violates our Community Guidelines.

Details: